[Event "PRO League Group Stage"]
[Site "chess.com INT"]
[Date "2019.01.10"]
[Round "1"]
[White "Kukk, Sander"]
[Black "Adhiban, Baskaran"]
[Result "0-1"]
[BlackTitle "GM"]
[WhiteElo "2244"]
[BlackElo "2689"]
[WhiteTeam "Estonia Horses"]
[BlackTeam "Mumbai Movers"]
[WhiteFideId "4502094"]
[BlackFideId "5018471"]
[EventDate "2019.01.08"]

1. b3 e5 2. Bb2 Nc6 3. e3 Nf6 4. c4 d5 5. cxd5 Nxd5 6. Nc3 Bf5 7. Nxd5 Qxd5 8.
Nf3 Nb4 9. Bc4 Nd3+ 10. Bxd3 Bxd3 11. Nxe5 Qxg2 12. Qf3 Qxf3 13. Nxf3 f6 14. Nd4
Kf7 15. f4 c5 16. Nf3 Bd6 17. Kf2 Rhd8 18. Ne1 Be4 19. Rg1 Bc7 20. Ke2 Rd7 21.
d3 Bc6 22. Rc1 Re8 23. Rf1 Rd5 24. e4 Rh5 25. Rf2 Bd6 26. f5 b6 27. b4 Bb5 28.
Kf3 cxb4 29. d4 Rh3+ 30. Kg4 Re3 31. e5 fxe5 32. dxe5 Bxe5 33. Bxe5 R8xe5 34.
Ng2 Be2+ 35. Kh4 R5e4+ 36. Nf4 Bf3 37. Kg3 Bd1+ 38. Kh4 Bf3 39. Kg3 Be2+ 40. Kh4
Kf6 41. Rc7 a5 42. Rb7 Rf3 43. Rxf3 Bxf3 44. Kg3 Rxf4 45. Rxb6+ Kxf5 46. Rb5+
Ke4 0-1

[Event "PRO League Group Stage"]
[Site "chess.com INT"]
[Date "2019.01.10"]
[Round "1"]
[White "Tania, Sachdev"]
[Black "Jobava, Baadur"]
[Result "0-1"]
[WhiteTitle "IM"]
[BlackTitle "GM"]
[WhiteElo "2400"]
[BlackElo "2629"]
[WhiteTeam "Delhi Dynamite"]
[BlackTeam "Tbilisi Gentlemen"]
[WhiteFideId "5007844"]
[BlackFideId "13601520"]
[EventDate "2019.01.08"]

1. d4 Nf6 2. c4 c6 3. Nc3 d5 4. Nf3 dxc4 5. a4 a5 6. Ne5 Ng4 7. Nxc4 e5 8. Nxe5
Nxe5 9. dxe5 Qxd1+ 10. Nxd1 Na6 11. Bf4 Be6 12. Nc3 Bb4 13. Be3 O-O-O 14. g3 Nc5
15. Bxc5 Bxc5 16. Bg2 h5 17. O-O Bd4 18. Ne4 Bxe5 19. Rab1 Bf5 20. e3 Rhe8 21.
Rbd1 Kc7 22. Nc3 Bc2 23. Rc1 Rd2 24. Bf3 g6 25. Ra1 Red8 26. Rfc1 Bb3 27. Rcb1
f5 28. Ra3 Bf7 29. h4 R8d3 30. Ne2 Rxb2 31. Rxb2 Rd1+ 32. Kg2 Bxb2 33. Nc3 Rc1 0-1

[Event "PRO League Group Stage"]
[Site "chess.com INT"]
[Date "2019.01.10"]
[Round "1"]
[White "Grover, Sahaj"]
[Black "Jojua, Davit"]
[Result "1-0"]
[WhiteTitle "GM"]
[BlackTitle "GM"]
[WhiteElo "2511"]
[BlackElo "2588"]
[WhiteTeam "Delhi Dynamite"]
[BlackTeam "Tbilisi Gentlemen"]
[WhiteFideId "5021103"]
[BlackFideId "13602543"]
[EventDate "2019.01.08"]

1. d4 g6 2. c4 Bg7 3. Nc3 c5 4. d5 d6 5. e4 e6 6. Bd3 Ne7 7. h3 O-O 8. Nf3 h6 9.
Be3 exd5 10. exd5 Nf5 11. Bxf5 Bxf5 12. g4 Bc8 13. Qd2 Kh7 14. Bf4 Nd7 15. O-O-O
Nb6 16. Qd3 Qf6 17. Bg3 Nxc4 18. Qxc4 Qxf3 19. Bxd6 Re8 20. Bxc5 Bd7 21. Qd3
Qf4+ 22. Be3 Qb4 23. Bd4 Rac8 24. Bxg7 Kxg7 25. Rhe1 Qf4+ 26. Qd2 Qf3 27. Qd4+
Qf6 28. Qxf6+ Kxf6 29. Kd2 Kg7 30. Rxe8 Rxe8 31. Re1 Rxe1 32. Kxe1 h5 33. gxh5
gxh5 34. h4 Kf6 35. Ke2 Kf5 36. Ke3 Bc8 37. Ne4 Ke5 38. d6 Bf5 39. Ng3 Be6 40.
Nxh5 Kxd6 41. a3 Ke5 42. Ng3 Kf6 43. Kf4 Bd5 44. h5 Bc6 45. Nf5 Bd7 46. Nd6 b6
47. Ne4+ Kg7 48. Kg5 Ba4 49. h6+ Kf8 50. Kf6 Kg8 51. Ng5 Bb3 52. f4 Bc4 53. f5
Bb3 54. Ke7 a5 55. f6 a4 56. Nxf7 Kh7 57. Ng5+ Kxh6 58. Ne6 1-0

[Event "PRO League Group Stage"]
[Site "chess.com INT"]
[Date "2019.01.10"]
[Round "1"]
[White "Quparadze, Giga"]
[Black "Kannappan, Priyadharshan"]
[Result "1-0"]
[WhiteTitle "GM"]
[BlackTitle "GM"]
[WhiteElo "2493"]
[BlackElo "2553"]
[WhiteTeam "Tbilisi Gentlemen"]
[BlackTeam "Delhi Dynamite"]
[WhiteFideId "13602250"]
[BlackFideId "5018293"]
[EventDate "2019.01.08"]

1. e4 e6 2. d4 d5 3. Nd2 c5 4. Ngf3 cxd4 5. Nxd4 Nf6 6. e5 Nfd7 7. N2f3 Nc6 8.
Nxc6 bxc6 9. Bd3 Qc7 10. Qe2 Nc5 11. O-O Be7 12. Be3 Nxd3 13. cxd3 c5 14. Rac1
Qb6 15. b3 Ba6 16. Rc2 Qb5 17. Rd1 h6 18. Qd2 Rc8 19. h4 Kd7 20. h5 Rc7 21. Qe1
Rhc8 22. Bc1 Qb4 23. Bd2 Qg4 24. Be3 Qxh5 25. Qa5 Bb7 26. d4 cxd4 27. Rxc7+ Rxc7
28. Rc1 Bd8 29. Qa4+ Kc8 30. Rxc7+ Bxc7 31. Bxd4 f6 32. exf6 gxf6 33. Bxf6 e5
34. Qb4 Qe8 35. Qc5 Kd7 36. Qxa7 Kc8 37. Bxe5 Bxe5 38. Qe3 d4 39. Qxe5 Qxe5 40.
Nxe5 Be4 41. Nc4 Kc7 42. f3 Bc2 43. Kf2 Kc6 44. Nd2 Kc5 45. a3 Kd5 46. g4 Ke5
47. a4 Kd5 48. f4 Kc5 49. f5 Kb4 50. f6 Bg6 51. Nf3 Kc3 52. a5 d3 53. a6 h5 54.
a7 hxg4 55. a8=Q gxf3 56. Qxf3 Kc2 57. f7 Bxf7 58. Qxf7 1-0

[Event "PRO League Group Stage"]
[Site "chess.com INT"]
[Date "2019.01.10"]
[Round "1"]
[White "Volkov, Nika"]
[Black "Nihal, Sarin"]
[Result "0-1"]
[BlackTitle "GM"]
[WhiteElo "2153"]
[BlackElo "2578"]
[WhiteTeam "Tbilisi Gentlemen"]
[BlackTeam "Delhi Dynamite"]
[WhiteFideId "13604376"]
[BlackFideId "25092340"]
[EventDate "2019.01.08"]

1. d4 Nf6 2. c4 e6 3. Nc3 d5 4. Nf3 c6 5. e3 Nbd7 6. Bd3 dxc4 7. Bxc4 b5 8. Bd3
Bd6 9. O-O O-O 10. Ne4 Nxe4 11. Bxe4 Bb7 12. a4 b4 13. b3 Nf6 14. Bd3 c5 15. Bb2
Rc8 16. Rc1 Qe7 17. Qe2 Rfd8 18. e4 Bf4 19. Rc2 cxd4 20. Rxc8 Rxc8 21. Bxd4 a5
22. g3 Bb8 23. Bb2 Nd7 24. Ba6 Nc5 25. Bxb7 Qxb7 26. Rc1 Nxb3 27. Rxc8+ Qxc8 28.
Qe3 Nc5 29. Qc1 Bd6 30. Nd2 Qd7 31. Nc4 Bf8 32. Nxa5 Qxa4 33. Qa1 Qxa1+ 34. Bxa1
Nxe4 35. Kf1 f6 36. Ke2 Kf7 37. f3 Nc5 38. Bd4 e5 39. Be3 Ke6 40. Bd2 Na4 41.
Nc6 b3 42. Kd3 Kd5 43. Nd8 Be7 44. Nb7 Nc5+ 45. Nxc5 Bxc5 46. Bc3 Bd4 47. Bb4 f5
48. Bf8 e4+ 49. fxe4+ fxe4+ 50. Kd2 e3+ 51. Kd3 b2 52. Kc2 Bc3 0-1

[Event "PRO League Group Stage"]
[Site "chess.com INT"]
[Date "2019.01.10"]
[Round "1"]
[White "Andreikin, Dmitry"]
[Black "Sargsyan, Shant"]
[Result "1-0"]
[WhiteTitle "GM"]
[BlackTitle "IM"]
[WhiteElo "2725"]
[BlackElo "2486"]
[WhiteTeam "Volga Stormbringers"]
[BlackTeam "Armenia Eagles"]
[WhiteFideId "4158814"]
[BlackFideId "13306766"]
[EventDate "2019.01.08"]

1. Nf3 d5 2. e3 Nf6 3. c4 e6 4. b3 b6 5. Be2 Bb7 6. O-O Bd6 7. cxd5 exd5 8. Ba3
O-O 9. Bxd6 Qxd6 10. d4 Nbd7 11. Nc3 a6 12. Rc1 Rfe8 13. Qc2 Rac8 14. Rfd1 Nf8
15. Qb2 c5 16. Qa3 Ne6 17. Bd3 Red8 18. Bf5 g6 19. Bxe6 fxe6 20. Na4 cxd4 21.
Qxd6 Rxd6 22. exd4 Nd7 23. Rxc8+ Bxc8 24. Rc1 Bb7 25. Ne5 Nxe5 26. dxe5 Rc6 27.
Rxc6 Bxc6 28. Nxb6 g5 29. f3 h5 30. Kf2 h4 31. Ke3 Kf7 32. Nc8 Bd7 33. Nd6+ Ke7
34. g3 hxg3 35. hxg3 Bc6 36. Kd4 a5 37. Kc5 Ba8 38. Nb5 Kd7 39. Nd4 1-0

[Event "PRO League Group Stage"]
[Site "chess.com INT"]
[Date "2019.01.10"]
[Round "1"]
[White "Abdusattorov, Nodirbek"]
[Black "Manukian, Artak"]
[Result "1-0"]
[WhiteTitle "GM"]
[WhiteElo "2560"]
[BlackElo "2196"]
[WhiteTeam "Volga Stormbringers"]
[BlackTeam "Armenia Eagles"]
[WhiteFideId "14204118"]
[BlackFideId "13301373"]
[EventDate "2019.01.08"]

1. e4 c6 2. d4 d5 3. exd5 cxd5 4. Nf3 Nf6 5. Ne5 Nc6 6. Bb5 Bd7 7. Nxd7 Qxd7 8.
c3 e6 9. O-O Bd6 10. Nd2 O-O 11. Re1 a6 12. Bd3 Qc7 13. g3 e5 14. dxe5 Nxe5 15.
Nf3 Nxd3 16. Qxd3 Bc5 17. Be3 Rad8 18. Rad1 h6 19. Bd4 Ne4 20. Bxc5 Nxc5 21. Qf5
Qd7 22. Qxd7 Rxd7 23. Re2 Rfd8 24. Red2 Ne6 25. Ne5 Rd6 26. Nc4 Rc6 27. Ne3 d4
28. cxd4 Rcd6 29. d5 Nc7 30. Rd3 g6 31. Rb3 b5 32. Rc3 Ne8 33. f3 h5 34. h3 Nf6
35. g4 hxg4 36. hxg4 Nd7 37. Rc6 Ne5 38. Rxd6 Rxd6 39. Kf2 Kf8 40. f4 Nd7 41.
Kf3 Ke7 42. b3 Rb6 43. Rc1 Kd6 44. Ke4 Nc5+ 45. Kd4 Nb7 46. g5 Kd7 47. Ng4 Nd6
48. Ne5+ Kd8 49. Rh1 Nf5+ 50. Kc5 Rb7 51. d6 1-0

[Event "PRO League Group Stage"]
[Site "chess.com INT"]
[Date "2019.01.10"]
[Round "1"]
[White "Andriasian, Zaven"]
[Black "Gorozhanin, Mikhail"]
[Result "1-0"]
[WhiteTitle "GM"]
[BlackTitle "FM"]
[WhiteElo "2604"]
[BlackElo "2429"]
[WhiteTeam "Armenia Eagles"]
[BlackTeam "Volga Stormbringers"]
[WhiteFideId "13302000"]
[BlackFideId "4178262"]
[EventDate "2019.01.08"]

1. e4 e6 2. d3 d5 3. Nd2 Nf6 4. Ngf3 g6 5. e5 Nfd7 6. h4 Bg7 7. d4 O-O 8. h5 f6
9. hxg6 hxg6 10. Bd3 fxe5 11. Bxg6 e4 12. Ne5 Nxe5 13. Bh7+ Kf7 14. dxe5 Rh8 15.
Qh5+ Kf8 16. f3 e3 17. Nb3 Qe8 18. Qg4 Nc6 19. Bxe3 Qf7 20. Bc5+ Ke8 21. Bg6
Rxh1+ 22. Ke2 Rxa1 23. Bxf7+ Kxf7 24. Qh5+ Kg8 25. Nxa1 Bd7 26. Nb3 b6 27. Be3
Nxe5 28. Bd4 Nc6 29. Bxg7 Kxg7 30. Qg4+ Kf7 31. Qf4+ Ke7 32. Qxc7 e5 33. Qb7 Rb8
34. Qa6 b5 35. Na5 Nd4+ 36. Kf2 b4 37. Nb3 Nc6 38. Nc5 Be8 39. Qd3 Kd6 40. Ne4+
Ke6 41. Ng5+ Kd6 42. Qf5 Bd7 43. Qf6+ Kc5 44. Ne6+ Kb6 45. Nf8 Bc8 46. Ng6 e4
47. Ne7 Bb7 48. Nxd5+ Kc5 49. fxe4 Nd4 50. Qe7+ Kb5 51. Qxb4+ Ka6 52. Nc7# 1-0

[Event "PRO League Group Stage"]
[Site "chess.com INT"]
[Date "2019.01.10"]
[Round "1"]
[White "Martirosyan, Haik M."]
[Black "Rodchenkov, Vitaly"]
[Result "0-1"]
[WhiteTitle "GM"]
[BlackTitle "FM"]
[WhiteElo "2607"]
[BlackElo "2296"]
[WhiteTeam "Armenia Eagles"]
[BlackTeam "Volga Stormbringers"]
[WhiteFideId "13306553"]
[BlackFideId "4152964"]
[EventDate "2019.01.08"]

1. d4 d5 2. c4 e6 3. Nf3 Nf6 4. Nc3 Be7 5. Bg5 h6 6. Bxf6 Bxf6 7. e3 O-O 8. Rc1
c6 9. Bd3 Nd7 10. O-O b6 11. e4 dxe4 12. Nxe4 Be7 13. Qe2 Ba6 14. Rfd1 Rc8 15.
a3 Qc7 16. b4 e5 17. Ng3 Bf6 18. Nh5 exd4 19. Qe4 g6 20. Nxf6+ Nxf6 21. Qxd4 Nh5
22. Bf1 c5 23. Qc3 Rcd8 24. Ne5 Rxd1 25. Rxd1 Rd8 26. Rxd8+ Qxd8 27. bxc5 bxc5
28. Qe3 Qe7 29. Nc6 Qxe3 30. fxe3 Nf6 31. Be2 Ne4 32. Nxa7 Nc3 33. Bd3 Nd1 34.
Nb5 Nxe3 35. Kf2 Nd1+ 36. Ke2 Nb2 37. Kd2 f5 38. Be2 Kg7 39. Kc2 Na4 40. Kb3 Nb6
41. Nc7 Bb7 42. Bf3 Bxf3 43. gxf3 Kf6 44. a4 Ke5 45. a5 Nc8 46. Nd5 Kd4 47. Ka4
g5 48. Kb5 f4 49. a6 g4 50. fxg4 f3 51. Nf4 Nd6+ 52. Kc6 f2 53. Ne2+ Kxc4 54.
Ng3 Nb5 55. h4 Kb4 56. g5 hxg5 57. hxg5 c4 58. g6 c3 59. a7 Nxa7+ 60. Kb7 Nc8
61. Kxc8 c2 62. g7 c1=Q+ 63. Kd7 Qg5 64. g8=Q Qxg8 0-1

[Event "PRO League Group Stage"]
[Site "chess.com INT"]
[Date "2019.01.10"]
[Round "1"]
[White "Savchenko, Boris"]
[Black "Demidov, Mikhail"]
[Result "1/2-1/2"]
[WhiteTitle "GM"]
[BlackTitle "IM"]
[WhiteElo "2562"]
[BlackElo "2520"]
[WhiteTeam "Moscow Wizards"]
[BlackTeam "Moscow Phoenix"]
[WhiteFideId "4147332"]
[BlackFideId "4197143"]
[EventDate "2019.01.08"]

1. e4 Nf6 2. e5 Nd5 3. d4 d6 4. c4 Nb6 5. exd6 exd6 6. Nc3 Be7 7. Bd3 O-O 8.
Nge2 Bg4 9. f3 Bh5 10. Nf4 Bg6 11. Nxg6 hxg6 12. Be3 Re8 13. O-O Nc6 14. Bf2 Bh4
15. g3 Bf6 16. Ne2 Nb4 17. a3 Nxd3 18. Qxd3 Qd7 19. Rfe1 Re7 20. b3 Rae8 21. g4
Bg5 22. h4 Be3 23. Kg2 Bxf2 24. Kxf2 Qd8 25. g5 d5 26. c5 Nc8 27. Qd2 c6 28. a4
Qc7 29. Ng3 Rxe1 30. Rxe1 Rxe1 31. Qxe1 Kf8 32. Qe3 Ne7 33. f4 f6 34. gxf6 gxf6
35. f5 Nxf5 36. Nxf5 Qh2+ 37. Kf3 gxf5 38. Qh6+ Kf7 39. Qh7+ Ke6 40. Qg8+ Ke7
41. Qg7+ Ke6 42. Qg8+ Ke7 1/2-1/2

[Event "PRO League Group Stage"]
[Site "chess.com INT"]
[Date "2019.01.10"]
[Round "1"]
[White "Dobrov, Vladimir"]
[Black "Mikhailovsky, Vladimir"]
[Result "1-0"]
[WhiteTitle "GM"]
[BlackTitle "CM"]
[WhiteElo "2478"]
[BlackElo "2180"]
[WhiteTeam "Moscow Wizards"]
[BlackTeam "Moscow Phoenix"]
[WhiteFideId "4136594"]
[BlackFideId "34105414"]
[EventDate "2019.01.08"]

1. Nf3 d5 2. d4 Nf6 3. c4 e6 4. Nc3 c5 5. e3 Nc6 6. a3 cxd4 7. exd4 Be7 8. cxd5
exd5 9. Ne5 O-O 10. Be2 Bd6 11. Bf4 Re8 12. Nxc6 bxc6 13. Bxd6 Qxd6 14. O-O c5
15. b3 Rb8 16. Ra2 Qb6 17. Na4 Qxb3 18. Qxb3 Rxb3 19. Nxc5 Rc3 20. f3 Bf5 21.
Kf2 h5 22. h4 Rb8 23. Rd1 Bb1 24. Ra1 Bf5 25. Rd2 Ne8 26. Na4 Rcb3 27. Bd1 Rb1
28. Rxb1 Rxb1 29. Nc3 Ra1 30. Nxd5 Be6 31. Nf4 Rxa3 32. Nxh5 Nd6 33. Nf4 Bc4 34.
Rb2 Kf8 35. Rb8+ Ke7 36. g4 a5 37. Ra8 Ra1 38. Ra7+ Kf8 39. Ra8+ Ke7 40. Be2 Ra2
41. h5 Nb5 42. Ke1 Bxe2 43. Nxe2 a4 44. g5 Rc2 45. h6 gxh6 46. gxh6 Nc7 47. h7
Nxa8 48. h8=Q Nc7 49. Qe5+ Kd7 50. Qa5 Ra2 51. Nc3 Ra1+ 52. Kd2 a3 53. d5 Kd6
54. Ne4+ Kd7 55. Qa4+ Kc8 56. Nc5 1-0

[Event "PRO League Group Stage"]
[Site "chess.com INT"]
[Date "2019.01.10"]
[Round "1"]
[White "Ponkratov, Pavel"]
[Black "Lushenkov, Mikhail"]
[Result "1-0"]
[WhiteTitle "GM"]
[BlackTitle "IM"]
[WhiteElo "2630"]
[BlackElo "2434"]
[WhiteTeam "Moscow Phoenix"]
[BlackTeam "Moscow Wizards"]
[WhiteFideId "4157800"]
[BlackFideId "4162129"]
[EventDate "2019.01.08"]

1. e4 e6 2. d4 d5 3. e5 c5 4. c3 Qb6 5. Nf3 Nc6 6. a3 Bd7 7. b4 cxd4 8. cxd4 Rc8
9. Be3 Nh6 10. Bd3 Ng4 11. O-O Be7 12. Qe1 O-O 13. Nc3 Nxe3 14. Qxe3 Nb8 15. Ne2
Bb5 16. Nf4 Bxd3 17. Nxd3 Rc3 18. Qd2 Rc4 19. Nc5 Qc6 20. Qb2 b6 21. Nd2 bxc5
22. Nxc4 dxc4 23. dxc5 Qa4 24. Rfc1 Nc6 25. Rxc4 a5 26. Rb1 Rb8 27. Qc2 Qxa3 28.
Rc3 Nd4 29. Rxa3 Nxc2 30. Rxa5 Nxb4 31. Rba1 g5 32. Ra8 Rxa8 33. Rxa8+ Kg7 34.
Rc8 Nd3 35. c6 Nxe5 36. c7 Bd6 37. Rg8+ Kxg8 38. c8=Q+ Bf8 39. Kf1 h6 40. Ke2
Ng6 41. g3 Ne7 42. Qc4 Nd5 43. h4 Be7 44. Qg4 Kg7 45. Kd2 Nf6 46. Qd4 Kg6 47. f3
Nd5 48. Qe4+ Kg7 49. h5 Bf6 50. Kd3 Ba1 51. Kc4 Bf6 52. Kc5 Be7+ 53. Kc6 Bf6 54.
Qa4 Be5 55. Qg4 Nf6 56. Qh3 Nd5 57. Qg2 Nf6 58. f4 Bd4 59. fxg5 hxg5 60. Qd2 Ba1
61. Qxg5+ Kh7 62. g4 Ng8 63. Kd7 Bf6 64. Qf4 Kg7 65. g5 Be7 66. Ke8 f6 67. h6+
Kg6 68. Qe4+ f5 69. Qxe6+ 1-0

[Event "PRO League Group Stage"]
[Site "chess.com INT"]
[Date "2019.01.10"]
[Round "1"]
[White "Kryakvin, Dmitry"]
[Black "Vastrukhin, Oleg"]
[Result "1/2-1/2"]
[WhiteTitle "GM"]
[WhiteElo "2588"]
[BlackElo "2413"]
[WhiteTeam "Moscow Phoenix"]
[BlackTeam "Moscow Wizards"]
[WhiteFideId "4153278"]
[BlackFideId "4192770"]
[EventDate "2019.01.08"]

1. Nf3 g6 2. d4 Bg7 3. c4 d6 4. Nc3 e5 5. e4 Nc6 6. Be3 Nh6 7. dxe5 dxe5 8.
Qxd8+ Kxd8 9. O-O-O+ Bd7 10. h3 f6 11. c5 Kc8 12. Bc4 Na5 13. Be2 Be6 14. Nd2
Nf7 15. b4 Nc6 16. a3 a5 17. b5 Nd4 18. Bc4 Bxc4 19. Nxc4 Bh6 20. Kb2 Ne6 21.
Na4 Rd8 22. b6 Bxe3 23. Nxe3 c6 24. Ng4 f5 25. Nf6 Rd4 26. Rxd4 Nxd4 27. exf5
gxf5 28. Rd1 Kd8 29. f4 Ke7 30. fxe5 Nxe5 31. Rxd4 Kxf6 32. Rd6+ Ke7 33. Rh6 Rg8
34. Rxh7+ Nf7 35. Nc3 Rxg2+ 36. Kb3 Rg3 37. Kc2 Ke6 38. Ne2 Rxa3 39. Nd4+ Kd5
40. Nxf5 Ne5 41. Rxb7 Kxc5 42. Re7 Kxb6 43. Rxe5 Rxh3 44. Nd6 c5 45. Ne4 Kb5 46.
Nxc5 Kc4 47. Nb7 Rh2+ 48. Kb1 a4 49. Na5+ Kb4 50. Nc6+ Kc4 51. Rg5 a3 52. Rg4+
Kc5 53. Ne5 Kb5 54. Ka1 Ka5 55. Nd3 Kb5 56. Rb4+ Ka5 57. Rb8 Ka4 58. Nc5+ Ka5
59. Rb3 Rg2 60. Nd3 Ka4 61. Rb4+ Ka5 62. Rb7 Rh2 63. Rb3 Ka4 64. Nc5+ Ka5 65.
Nd3 Ka4 66. Nc5+ Ka5 1/2-1/2

[Event "PRO League Group Stage"]
[Site "chess.com INT"]
[Date "2019.01.10"]
[Round "1"]
[White "Jobava, Baadur"]
[Black "Grover, Sahaj"]
[Result "1/2-1/2"]
[WhiteTitle "GM"]
[BlackTitle "GM"]
[WhiteElo "2629"]
[BlackElo "2511"]
[WhiteTeam "Tbilisi Gentlemen"]
[BlackTeam "Delhi Dynamite"]
[WhiteFideId "13601520"]
[BlackFideId "5021103"]
[EventDate "2019.01.08"]

1. d4 Nf6 2. c4 e6 3. Nc3 Bb4 4. e3 O-O 5. Bd3 c5 6. Ne2 d5 7. cxd5 cxd4 8. exd4
exd5 9. O-O h6 10. Bf4 Nc6 11. Rc1 Be6 12. a3 Bd6 13. Qd2 Re8 14. Rfe1 Bxf4 15.
Qxf4 Nh5 16. Qd2 Qg5 17. Red1 Qxd2 18. Rxd2 Na5 19. Rdd1 Nb3 20. Rb1 Re7 21. f3
Rc8 22. Kf2 g6 23. Bc2 Na5 24. Rdc1 Rec7 25. Ba4 Nf6 26. Nb5 Rxc1 27. Rxc1 Rxc1
28. Nxc1 Bd7 29. Nc3 Bxa4 30. Nxa4 Nc4 31. Nd3 Nd6 32. Nc3 Nf5 33. Ne2 h5 34. a4
a5 35. b4 axb4 36. Nxb4 Kf8 37. a5 Ke7 38. Nd3 Nd7 39. g4 hxg4 40. fxg4 Nd6 41.
Nef4 Nf6 42. Kf3 g5 43. Nh5 Nfe8 44. Nc5 Nc7 45. Ng7 Na6 46. Nb3 Nb4 47. Ke2 Nc6
48. Kd3 Nc4 49. Nf5+ Kf6 50. Ne3 Nxe3 51. Kxe3 Ke7 52. Kd3 Kd6 53. Kc3 Kc7 54.
h3 f6 55. Kb2 Nb4 56. Kc3 Nc6 57. Kd3 Nb4+ 58. Kc3 Nc6 59. Kb2 Nb4 60. Nc5 Nc6
61. Nb3 1/2-1/2

[Event "PRO League Group Stage"]
[Site "chess.com INT"]
[Date "2019.01.10"]
[Round "1"]
[White "Jojua, Davit"]
[Black "Tania, Sachdev"]
[Result "0-1"]
[WhiteTitle "GM"]
[BlackTitle "IM"]
[WhiteElo "2588"]
[BlackElo "2400"]
[WhiteTeam "Tbilisi Gentlemen"]
[BlackTeam "Delhi Dynamite"]
[WhiteFideId "13602543"]
[BlackFideId "5007844"]
[EventDate "2019.01.08"]

1. d4 Nf6 2. Nf3 e6 3. Bf4 b6 4. e3 Bb7 5. Bd3 c5 6. c3 Be7 7. h3 O-O 8. O-O d6
9. Bh2 Nbd7 10. a4 e5 11. Be2 cxd4 12. cxd4 e4 13. Nfd2 a6 14. Nc4 Ne8 15. Qb3
Rc8 16. Nc3 d5 17. Ne5 Nxe5 18. dxe5 d4 19. exd4 Qxd4 20. Rfd1 Qb4 21. Qxb4 Bxb4
22. Nd5 Bxd5 23. Rxd5 Rc2 24. Kf1 Rxb2 25. Rc1 Bc5 26. Rd7 Ra2 27. Bf4 Rxa4 28.
Be3 Bxe3 29. fxe3 Ra5 30. Re7 g6 31. Rc6 Ng7 32. Bg4 h5 33. Bd7 Rc5 34. Ke2 Nf5
35. Rxc5 bxc5 36. Bxf5 gxf5 37. Rc7 a5 38. Rxc5 Ra8 39. Kd2 a4 40. Kc2 a3 41.
Kb1 a2+ 42. Ka1 Ra3 43. Rc8+ Kg7 44. Rc7 Kg6 45. Rc6+ Kg7 46. Rc7 Kf8 47. Rc2
Rxe3 48. Rf2 Ke7 49. Rxf5 Rg3 50. Kxa2 e3 51. Rf1 Rxg2+ 52. Kb3 e2 53. Re1 Ke6
54. Kc3 Kxe5 55. Kd2 f5 56. Rxe2+ Rxe2+ 57. Kxe2 Kf4 58. Kf2 h4 59. Kg2 Ke3 60.
Kg1 Ke2 61. Kg2 f4 62. Kg1 f3 63. Kh1 f2 64. Kh2 Ke1 0-1

[Event "PRO League Group Stage"]
[Site "chess.com INT"]
[Date "2019.01.10"]
[Round "1"]
[White "Nihal, Sarin"]
[Black "Quparadze, Giga"]
[Result "1/2-1/2"]
[WhiteTitle "GM"]
[BlackTitle "GM"]
[WhiteElo "2578"]
[BlackElo "2493"]
[WhiteTeam "Delhi Dynamite"]
[BlackTeam "Tbilisi Gentlemen"]
[WhiteFideId "25092340"]
[BlackFideId "13602250"]
[EventDate "2019.01.08"]

1. Nf3 c5 2. e3 Nf6 3. d4 e6 4. Nbd2 d5 5. Bd3 Nbd7 6. b3 g6 7. Bb2 Bg7 8. O-O
O-O 9. c4 cxd4 10. Bxd4 b6 11. Rc1 Bb7 12. Qe2 Qe7 13. Ne5 Nxe5 14. Bxe5 Rac8
15. Nf3 Ng4 16. Bxg7 Kxg7 17. cxd5 Bxd5 18. Ba6 Rxc1 19. Rxc1 Bxf3 20. gxf3 Nf6
21. Qb2 Rd8 22. f4 Rd5 23. Be2 Qd6 24. Rc2 Rc5 25. Rxc5 Qxc5 26. Bf3 h6 27. h4
a5 28. Kg2 b5 29. Qe5 Qa3 30. Qxb5 Qxa2 31. e4 Qd2 32. Qe5 Qb4 33. h5 gxh5 34.
f5 Qxb3 35. Qxa5 h4 36. fxe6 h3+ 37. Kg3 h2 38. Qa1 h1=Q 39. Qxh1 Nxe4+ 40. Kf4
Ng5 41. exf7 Qxf7+ 42. Kg3 Qc7+ 43. Kg4 Qd7+ 44. Kg3 Qd6+ 45. Kg4 Qe6+ 46. Kg3
Qe5+ 47. Kg4 Ne6 48. Qd1 Kf6 49. Kh3 Nf4+ 50. Kh2 Nd3+ 51. Kg1 Qc3 52. Be4 Ne5
53. Qd6+ Kg7 54. Qe7+ Nf7 55. Bd5 Qc1+ 56. Kg2 Qg5+ 57. Qxg5+ Nxg5 58. f4 Nh7
59. Kg3 Nf6 60. Bf3 Kg6 61. Kh4 Kf5 62. Kg3 Ng8 63. Bg4+ Kf6 64. Bf3 Ne7 65. Kh4
Ng6+ 66. Kh5 Kg7 67. f5 Ne5 68. f6+ Kxf6 69. Kxh6 Nxf3 1/2-1/2

[Event "PRO League Group Stage"]
[Site "chess.com INT"]
[Date "2019.01.10"]
[Round "1"]
[White "Ehlvest, Jaan"]
[Black "Sadhwani, Raunak"]
[Result "1/2-1/2"]
[WhiteTitle "GM"]
[BlackTitle "IM"]
[WhiteElo "2521"]
[BlackElo "2451"]
[WhiteTeam "Estonia Horses"]
[BlackTeam "Mumbai Movers"]
[WhiteFideId "4500016"]
[BlackFideId "35093487"]
[EventDate "2019.01.08"]

1. e4 c6 2. Nc3 d5 3. Nf3 dxe4 4. Nxe4 Nf6 5. Nxf6+ exf6 6. d4 Bd6 7. Bd3 O-O 8.
O-O Nd7 9. c4 Re8 10. h3 Nf8 11. Bd2 Ng6 12. Qc2 Be6 13. Rfe1 Qd7 14. Bf1 Bc7
15. Rad1 Bf5 16. Qb3 Be4 17. Bc1 h5 18. d5 cxd5 19. cxd5 Qd6 20. Qa3 Qxa3 21.
bxa3 Bxf3 22. Rxe8+ Rxe8 23. gxf3 Bf4 24. Bb2 Be5 25. Bc1 Rd8 26. a4 Bf4 27. Bb2
Be5 28. Bc1 Nf4 29. Bxf4 Bxf4 30. Bc4 Bd6 31. Kf1 Rc8 32. Bb3 g6 33. Rd4 Kg7 34.
Rc4 Re8 35. Re4 Rd8 36. Re2 Kh6 37. Rc2 Kg5 38. Rc4 f5 39. Kg2 Re8 40. Kf1 Kf6
41. Rc2 Kg5 42. Rc4 f4 43. Kg2 Kh4 44. a5 f5 45. a6 b6 46. Rc6 Bc5 47. Re6 Re7
48. Rxe7 Bxe7 49. Ba4 Kg5 50. Be8 Kf6 51. Kf1 h4 52. Ke2 g5 53. Bd7 Ke5 54. Bc8
Kxd5 55. Bxf5 Kc4 56. Be6+ Kc3 57. Bd5 Bc5 58. Be6 Bd4 1/2-1/2

[Event "PRO League Group Stage"]
[Site "chess.com INT"]
[Date "2019.01.10"]
[Round "1"]
[White "Kannappan, Priyadharshan"]
[Black "Volkov, Nika"]
[Result "1-0"]
[WhiteTitle "GM"]
[WhiteElo "2553"]
[BlackElo "2153"]
[WhiteTeam "Delhi Dynamite"]
[BlackTeam "Tbilisi Gentlemen"]
[WhiteFideId "5018293"]
[BlackFideId "13604376"]
[EventDate "2019.01.08"]

1. d4 d5 2. Nf3 e6 3. e3 Nf6 4. Bd3 Bd6 5. O-O Nbd7 6. c4 c6 7. Nbd2 O-O 8. Qc2
e5 9. dxe5 Nxe5 10. Nxe5 Bxe5 11. Nf3 Bc7 12. h3 h6 13. Rd1 Qe7 14. b3 Be6 15.
Bb2 Rfd8 16. Nd4 dxc4 17. bxc4 Bd7 18. Rab1 b6 19. Bf5 Be8 20. Bd3 Be5 21. Nf5
Qe6 22. c5 Bxb2 23. Rxb2 bxc5 24. Qxc5 Rd5 25. Ne7+ Kh8 26. Nxd5 cxd5 27. Rdb1
Nd7 28. Qa3 Kg8 29. Bb5 Nb6 30. Qa6 Qe7 31. Bxe8 Rxe8 32. Rb4 Qc7 33. Qd3 Qc5
34. a4 Rd8 35. Rb5 Qc6 36. a5 Nc4 37. Rb8 Qc7 38. Rxd8+ Qxd8 39. Rb5 g6 40. Rxd5
Qc7 41. Qd4 1-0